000 00328nam a2200121Ia 4500
008 190723s9999 xx 000 0 und d
020 _a978-969-407-382-8
100 _aProfessor Ziauddin Ahmad
245 0 _aMohammad Ali Jinnah : The Architect Of Pakistan
260 _aKarachi
_bRoyal Book
_c2010
300 _a516
942 _cBK
999 _c1254
_d1254